ბათუმის შოთა რუსთაველის სახელმწიფო უნივერსიტეტის ბიბლიოთეკა

ლირიკა:1970,1971,1972,1973 (ბიბ.ჩანაწერი № 42399)

000 -LEADER
fixed length control field 00941nam a2200229Ia 4500
001 - CONTROL NUMBER
control field 9095
003 - CONTROL NUMBER IDENTIFIER
control field GE_BSU
008 - FIXED-LENGTH DATA ELEMENTS--GENERAL INFORMATION
fixed length control field 181216s||||||||xx |||||||||||||| ||und||
040 ## - CATALOGING SOURCE
Transcribing agency GE_BSU
080 ## - UNIVERSAL DECIMAL CLASSIFICATION NUMBER
Universal Decimal Classification number 821.353.1-11
100 ## - MAIN ENTRY--PERSONAL NAME
Personal name ლებანიძე,მურმან
245 ## - TITLE STATEMENT
Title ლირიკა:1970,1971,1972,1973
245 ## - TITLE STATEMENT
Remainder of title ისტორიული პოემა: ანისის აღება
245 ## - TITLE STATEMENT
Statement of responsibility, etc. რედ:ი.ორჯონიკიძე;მხატვ:ს.ცინცაძე
260 ## - PUBLICATION, DISTRIBUTION, ETC.
Place of publication, distribution, etc. თბილისი.
260 ## - PUBLICATION, DISTRIBUTION, ETC.
Name of publisher, distributor, etc. მერანი.
260 ## - PUBLICATION, DISTRIBUTION, ETC.
Date of publication, distribution, etc. 1973
300 ## - PHYSICAL DESCRIPTION
Extent 238გვ;14სმ
300 ## - PHYSICAL DESCRIPTION
Other physical details პორტრ.გარეკანზე;სათაური კანზე:უფლისციხესთან სისხლისფერი ყაყაჩოს წვეთი.
653 ## - INDEX TERM--UNCONTROLLED
Uncontrolled term ლირიკა:ანისის აღება
942 ## - ADDED ENTRY ELEMENTS (KOHA)
Koha item type წიგნი
ეგზემპლარები
Withdrawn status Lost status Damaged status Not for loan Date acquired Barcode Date last seen Price effective from Koha item type
        2018-12-17 31769 2018-12-17 2018-12-17 წიგნი
        2018-12-17 31770 2018-12-17 2018-12-17 წიგნი